| 000 | 00738nam a2200241 a 4500 | ||
|---|---|---|---|
| 001 | 1322 | ||
| 005 | 20140414131924.0 | ||
| 008 | 001207s19uu xx 00 eng d | ||
| 050 |
_aER _bT22 1992 |
||
| 245 | _aThe Teddy Bear's birthday surprise. | ||
| 260 |
_aMontreal, Canada : _bTormont Publication , _c1992. |
||
| 300 | _a1 v. p. : ill. ; cm. | ||
| 440 | _aTeddy Bears Adventure Books. | ||
| 520 | _aTatty Ted celebrate his birthday but no one remembered his birthday. But when he gets up, he can hardly believe in his eyes. | ||
| 650 |
_aBirthdays _xFiction. |
||
| 650 |
_aBears _xFiction. |
||
| 650 | _aChildren stories. | ||
| 999 |
_c111907 _d111907 |
||